Online Catalogue and eLibrary

Myths of male dominance : (Record no. 236)

MARC details
000 -LEADER
fixed length control field 00669cam a2200229 i 4500
001 - CONTROL NUMBER
control field 3698275
005 - DATE AND TIME OF LATEST TRANSACTION
control field 20240130044602.0
008 - FIXED-LENGTH DATA ELEMENTS--GENERAL INFORMATION
fixed length control field 800904s1981 nyua b 001 0 eng
020 ## - INTERNATIONAL STANDARD BOOK NUMBER
ISBN 0853455376 :
020 ## - INTERNATIONAL STANDARD BOOK NUMBER
ISBN 0853455384 (pbk.)
040 ## - CATALOGING SOURCE (பட்டியலாக்க மூலம்)
Original cataloging agency DLC
Transcribing agency DLC
Modifying agency DLC
-- OCoLC
-- DLC
082 00 - DDC Classification
Class No. 305.4
DDC Edition Number 19
Item Number - Author Mark ELE.
100 1# - MAIN ENTRY--PERSONAL NAME
Personal name Leacock, Eleanor Burke,
245 10 - TITLE STATEMENT
Title Myths of male dominance :
Remainder of title collected articles on women cross-culturally /
Statement of responsibility, etc. Eleanor Burke Leacock.
260 ## - PUBLICATION, DISTRIBUTION, ETC.
Place of publication, distribution, etc. New York :
Name of publisher, distributor, etc. Monthly Review Press,
Date of publication, distribution, etc. 1981.
300 ## - PHYSICAL DESCRIPTION
Extent (e.g. Volumes, Pages etc.) viii, 344 p. :
500 ## - GENERAL NOTE
General note Includes index.
650 #0 - SUBJECT ADDED ENTRY--TOPICAL TERM
Topical term or geographic name entry element Women
650 #0 - SUBJECT ADDED ENTRY--TOPICAL TERM
Topical term or geographic name entry element Sex role.
650 #0 - SUBJECT ADDED ENTRY--TOPICAL TERM
Topical term or geographic name entry element Feminist anthropology.
942 ## - Koha item type (Biblio)
Koha item type Books in Stacks (Lending)
Holdings
Lost status Damaged status Collection code Home library Current library Date acquired Full call number Accession Number Item type
    Lending WERC Library WERC Library 01/30/2024 305.4 ELE. 700 Books in Stacks (Lending)

© WERC Library